• 首页
  • 本馆介绍
  • 公告通知
  • 最新文献
  • 馆藏检索
  • 电子资源
  • 读者导购
  • 参考咨询
  • 我的图书馆
  • 登录
  • 详细信息显示
  • 放入我的书架
  • 预约/预借图书
  • 作者相关作品
  • 分类相关作品
  • 丛书相关作品
  • 出版社相关作品

书目信息

  • 表格格式
  • 工作单格式
  • 卡片格式
题名:
人体的结构与形态
    
 
作者: 陈向 编著
分册:  
出版信息: 上海   上海人民美术出版社  1978
页数: 200页
开本: 19cm
丛书名: 工农兵美术技法丛书
单 册:
中图分类: J206.4
科图分类:
主题词: 艺用人体解剖学
电子资源:
ISBN: 8081.11059
000 00700oam2 2200253 450
001 0178000506
005 20100712215346.0
010    @a8081.11059@dCNY0.34
091    @a8081.11059
100    @a19950724d1978 em y0chiy0110 ea
101 0  @achi
102    @aCN@b310000
105    @af z 000yy
106    @ar
200 1  @a人体的结构与形态@9Ren Ti De;Di Jie Gou Yu Xing Tai @f陈向编著
210    @a上海@c上海人民美术出版社@d1978
215    @a200页@c图@d19cm
225 2  @a工农兵美术技法丛书
461  0 @12001 @a工农兵美术技法丛书
606 0  @a艺用人体解剖学
690    @aJ206.4@v3
701  0 @a陈向@9chen xiang@4编著
801  0 @aCN@bAzMarc@c20130904
905    @aBZT@dJ206.4@e1@f1@sJ206.4/1
    
    人体的结构与形态/陈向编著.-上海:上海人民美术出版社,1978
    200页:图;19cm.-(工农兵美术技法丛书)
    
    
    ISBN 8081.11059:CNY0.34
    
●
相关链接 在五车中查询图书 在当当中查询图书 在豆瓣中查询图书


正题名:人体的结构与形态     索取号:J206.4/1         预约/预借

序号 登录号 条形码 馆藏地/架位号 状态 备注
1 2000110838   2000110838   旧书回溯/ [索取号:J206.4/1] 在馆    
山东省滨州职业学院图书馆 欢迎您!
大连网信软件有限公司© 版权所有